[Event "Varese op 10th"]
[Site "Varese"]
[Date "2010.10.17"]
[Round "6"]
[White "Ambrosini, Andrea"]
[Black "Madaschi, Sergio"]
[Result "1-0"]
[WhiteElo "1497"]
[BlackElo "1587"]
[PlyCount "75"]
[EventDate "2010.10.09"]
[EventType "swiss"]
[EventRounds "6"]
[EventCountry "ITA"]
[SourceTitle "EXT 2024"]
[Source "ChessBase"]
[SourceDate "2023.10.10"]
[SourceVersion "1"]
[SourceVersionDate "2023.10.10"]
[SourceQuality "1"]

1. e4 c5 2. Nf3 d6 3. d4 cxd4 4. Nxd4 Nf6 5. Nc3 a6 6. h3 e5 7. Nf3 Be7 8. Be2 Nc6 9. a3 0-0 10. Bg5 h6 11. Bxf6 Bxf6 12. Nd5 g6 13. Nxf6+ Qxf6 14. c3 Rd8 15. Nh2 Kg7 16. Bg4 h5 17. Bxc8 Raxc8 18. Qb3 Rc7 19. 0-0 Qf4 20. Rfe1 Rcd7 21. Rad1 b5 22. g3 Qf6 23. Qa2 Ne7 24. c4 Qe6 25. b3 bxc4 26. bxc4 Qxh3 27. Re3 Qe6 28. Qe2 f5 29. Rc3 fxe4 30. Qxe4 d5 31. cxd5 Rxd5 32. Re1 Nc6 33. Nf3 Qd6 34. Kg2 Re8 35. Qa4 Rd8 36. Rxc6 Qd7 37. Nxe5 Rxe5 38. Rxe5 1-0